[Event "HUN-chT2 Barcza 1718"]
[Site "Hungary"]
[Date "2017.12.03"]
[Round "5.8"]
[White "Hegedus, Rafael"]
[Black "Daroczy, Sandor"]
[Result "1-0"]
[WhiteElo "1962"]
[BlackElo "1860"]
[PlyCount "171"]
[EventDate "2017.09.24"]
[EventType "team-tourn"]
[EventRounds "11"]
[EventCountry "HUN"]
[SourceTitle "EXT 2021"]
[Source "ChessBase"]
[SourceDate "2020.10.23"]
[SourceVersion "1"]
[SourceVersionDate "2020.10.23"]
[SourceQuality "1"]
[WhiteTeam "Mezokovesd"]
[BlackTeam "Bajnok Sakkiskola"]
[WhiteTeamCountry "HUN"]
[BlackTeamCountry "HUN"]

1. e4 e6 2. d4 d5 3. Nd2 Nf6 4. e5 Nfd7 5. f4 c5 6. Ndf3 Nc6 7. c3 Qb6 8. Ne2 cxd4 9. cxd4 Bb4+ 10. Bd2 0-0 11. Bxb4 Qxb4+ 12. Qd2 f6 13. a3 Qxd2+ 14. Kxd2 fxe5 15. dxe5 Nc5 16. Ke3 Bd7 17. Ned4 Rac8 18. Rc1 Nxd4 19. Nxd4 a6 20. Be2 Na4 21. Rxc8 Rxc8 22. Rb1 Nb6 23. b3 Kf7 24. Bd3 g6 25. Kd2 Rc5 26. g3 Nc8 27. b4 Rc7 28. h4 Na7 29. h5 Nb5 30. hxg6+ hxg6 31. Nc2 Nc3 32. Rb3 Ne4+ 33. Bxe4 dxe4 34. Rc3 Bc6 35. Ke3 Rd7 36. Nd4 Bd5 37. b5 axb5 38. Nxb5 Bc6 39. Nd6+ Kg7 40. Nxe4 Bxe4 41. Kxe4 Kf7 42. g4 Ke8 43. Rh3 Kf8 44. Rc3 Kf7 45. a4 Ke8 46. Rh3 Kf8 47. Rc3 Ke8 48. Rc8+ Kf7 49. f5 gxf5+ 50. gxf5 exf5+ 51. Kxf5 Ke7 52. Rc4 b6 53. Rb4 Ra7 54. Rh4 Ra5 55. Rc4 b5 56. axb5 Rxb5 57. Rc7+ Kd8 58. Rg7 Rb6 59. Rh7 Rc6 60. Rb7 Ra6 61. Ke4 Rh6 62. Kd5 Ra6 63. Rf7 Rh6 64. Ra7 Rg6 65. Ke4 Rh6 66. Kf5 Rc6 67. Rf7 Ra6 68. Rf6 Ra1 69. Ke6 Ra6+ 70. Kf7 Ra7+ 71. Kf8 Rh7 72. Rd6+ Rd7 73. Ra6 Rd5 74. Re6 Kd7 75. Re7+ Kd8 76. Kf7 Rd1 77. Ra7 Re1 78. Ke6 Rd1 79. Ra8+ Kc7 80. Rf8 Rd2 81. Rf5 Kd8 82. Rf8+ Kc7 83. Rf6 Kd8 84. Rf4 Ke8 85. Ra4 Rd8 86. Rh4 1-0

[Event "HUN-chT2 Erkel 1213"]
[Site "Hungary"]
[Date "2013.01.27"]
[Round "6.8"]
[White "Hegedus, Rafael"]
[Black "Takacs, Attila"]
[Result "1-0"]
[WhiteElo "2039"]
[BlackElo "1900"]
[PlyCount "117"]
[EventDate "2012.09.16"]
[EventType "team-tourn"]
[EventRounds "11"]
[EventCountry "HUN"]
[SourceTitle "EXT 2014"]
[Source "ChessBase"]
[SourceDate "2013.11.20"]
[SourceVersion "1"]
[SourceVersionDate "2013.11.20"]
[SourceQuality "1"]
[WhiteTeam "Mezokovesd"]
[BlackTeam "Szigetszentmiklos"]
[WhiteTeamCountry "HUN"]
[BlackTeamCountry "HUN"]

1. e4 Nf6 2. e5 Nd5 3. c4 Nb6 4. d4 d6 5. f4 g6 6. Nc3 Bg7 7. Nf3 e6 8. Be2 Nc6 9. 0-0 0-0 10. Ne4 d5 11. cxd5 Nxd5 12. Bb5 Bd7 13. Nc5 Rb8 14. Nxd7 Qxd7 15. Bd2 a6 16. Ba4 Nb6 17. Bxc6 Qxc6 18. Rc1 Qd7 19. Qc2 Nd5 20. Ng5 Rfc8 21. Ne4 b6 22. Rf3 f5 23. Nc3 c5 24. dxc5 Rxc5 25. Rd3 Rbc8 26. Qb3 Qc6 27. Rd1 b5 28. g3 Rd8 29. Be1 Bf8 30. Bf2 b4 31. Nxd5 Rcxd5 32. Rxd5 Rxd5 33. Rxd5 exd5 34. Qe3 Be7 35. h3 Qc4 36. Qb6 Qd3 37. Qd4 Qc4 38. b3 Qb5 39. Qb6 Qe2 40. Qe6+ Kf8 41. Qxd5 Qxa2 42. Qc4 Qa1+ 43. Kg2 Qc3 44. Qd5 Qc2 45. g4 a5 46. gxf5 gxf5 47. Kf3 Qc3+ 48. Be3 a4 49. Qa8+ Kf7 50. Qxa4 Bc5 51. Qd7+ Be7 52. Qxf5+ Ke8 53. Qe6 Qd3 54. Qc4 Qd1+ 55. Kg2 Qe1 56. Bf2 Qd2 57. f5 Qc3 58. Qg8+ Kd7 59. Qd5+ 1-0

[Event "HUN-chT2 Barcza 0607"]
[Site "Hungary"]
[Date "2007.05.20"]
[Round "11"]
[White "Hegedus, Rafael"]
[Black "Baranyai, Szabolcs Jr"]
[Result "1/2-1/2"]
[WhiteElo "2159"]
[BlackElo "2239"]
[PlyCount "65"]
[EventDate "2006.11.12"]
[EventType "team"]
[EventRounds "11"]
[EventCountry "HUN"]
[SourceTitle "EXT 2008"]
[Source "ChessBase"]
[SourceDate "2007.11.25"]
[SourceVersion "1"]
[SourceVersionDate "2007.11.25"]
[SourceQuality "1"]
[WhiteTeam "Mezokovesd"]
[BlackTeam "Hajduszoboszlo"]
[WhiteTeamCountry "HUN"]
[BlackTeamCountry "HUN"]

1. e4 e6 2. d4 d5 3. Nd2 Nf6 4. e5 Nfd7 5. f4 c5 6. Ndf3 Nc6 7. c3 Qb6 8. Qd3 cxd4 9. Nxd4 Nxd4 10. cxd4 f6 11. Nf3 Be7 12. Be2 0-0 13. 0-0 Nb8 14. Qb5 Qxb5 15. Bxb5 Bd7 16. Bxd7 Nxd7 17. Be3 Nb6 18. b3 Rac8 19. Rac1 Ba3 20. Rxc8 Rxc8 21. Rf2 a5 22. Ne1 a4 23. Rc2 axb3 24. Rxc8+ Nxc8 25. axb3 Kf7 26. Kf1 Na7 27. Ke2 Ke8 28. Kd3 Kd7 29. Bd2 Be7 30. Nc2 Kc6 31. Bc3 Kb5 32. Ne3 f5 33. g4 1/2-1/2